A guidebook To Mechanism In Organic Chemistry / (Record no. 165207)

MARC details
000 -LEADER
fixed length control field 00475nam a22001697a 4500
005 - DATE AND TIME OF LATEST TRANSACTION
control field 20190611163151.0
010 ## - LCCN (DPL NO)
LC control number 083339
020 ## - INTERNATIONAL STANDARD BOOK NUMBER
International Standard Book Number 8129702703
035 ## - SYSTEM CONTROL NUMBER
System control number 83339
037 ## - SOURCE OF ACQUISITION
Source of stock number/acquisition Pearson Education
082 ## - DEWEY DECIMAL CLASSIFICATION NUMBER
Classification number 547.04
100 ## - MAIN ENTRY--PERSONAL NAME
Personal name Sykes,Peter
245 ## - TITLE STATEMENT
Title A guidebook To Mechanism In Organic Chemistry /
Statement of responsibility, etc Peter Sykes
260 ## - PUBLICATION, DISTRIBUTION, ETC. (IMPRINT)
Place of publication, distribution, etc India
Name of publisher, distributor, etc Pearson Education
Date of publication, distribution, etc 1986
300 ## - PHYSICAL DESCRIPTION
Extent 416p
Other physical details (it include index)
Dimensions 21cm (hbk)
942 ## - ADDED ENTRY ELEMENTS (KOHA)
Source of classification or shelving scheme Dewey Decimal Classification
Item type English Books
Classification part 547
Call number suffix SYK
Holdings
Withdrawn status Lost status Not for loan Collection code Home library Current library Date acquired Full call number Barcode Koha item type
      Non-fiction Sarojini Nagar Sarojini Nagar 11/06/2019 547 SYK B-083339 English Books

© Delhi Public Library
Hit Counter
free hit counter